000 00551cam a22002171 4500
001 sa 67006915
003 DLC
005 20260227112411.0
008 890415r1965uuuuio 000 0 dut
010 _asa 67006915
035 _a(OCoLC)23431225
040 _aDLC
_cMiU
_dDLC
042 _apremarc
050 0 0 _aHB97.5
_b.H3
100 1 _aHadiprabowo, M.,
_d1916-
245 1 0 _aDasar-dasar ilmu ekonomi sosialis
250 _aTjet. 1.
260 _aJogjakarta,
_bMpu Tantular,
_c1965.
300 _a206 p.
_c21 cm.
650 0 _aMarxian economics
999 _c76233
_d76233